000 00787nam a2200301Ia 4500
001 9394
005 20240113234204.0
007 ta
008 050725s1985 g b000 u asm u
020 _cHB
040 _aCotton College,Assam
041 _aasm
082 _a891.4109
_bG 699 B
100 _aGoswami, Praphulla Datta.
245 0 _aBuranji Aru Sanskriti /
_cPraphulla Datta Goswami.
_hTextual Documents
250 _a1st ed. /
260 _aGuwahati :
_bBina Library ,
_c1985.
300 _a92p. ;
_c21cm.
653 _aAssamese Culture-History
653 _aHistory-Culture
653 _aMS-Assamese
653 _aCulture-Assam
653 _aHistory-Assamese Culture
942 _2ddc
_cBK
999 _c9381
_d9381